01631nam a2200337 a 4500003000900000005001700009008004100026020001800067040002800085082001500113245011500128250008400243260003400327300002500361520039300386650003000779650004600809650004300855650005900898700002900957700002500986700003301011700004101044700003301085700002801118700002401146700002901170700003201199700003101231700003101262CO-ViMGA20230915233136.0141229s2015 ck gr 00010 spa d a9789589621875 aCO-ViMGAbspacCO-ViMGA04a809 bP73p04aLos premios Nobel de literatura toman la palabra cThomas Mann, William Faulkner, Ernest Hemingway...[y otros] aEdicion especial para El Ministerio de Cultura, Biblioteca Nacional de Colombia aBogotabEdiciones Uranoc2015 a140 pg̀inas c23 cm1 a"Doce autores, novelistas y poetas, galardonados con el premio Nobel de literatura entre 1929 y 2010 toman la palabra en su discurso de aceptación para discurrir sobre el oficio de escritor en la p̌oca que les ha tocado vivir. Trayectoria profesional, compromiso político o función de la literatura en la sociedad son algunos de los temas tratados" (Tomado de la contra- caratula) 14aAutoresv Discursos2LEMB14aCreacion literaria, artistica, etc.2LEMB14aLiteratura - Historia y critica 2LEMB14aPremios Nobel de Literatura2LEMBxHistoria y critica 10aCamus, Albertd1913-196010aCoetzee, J. Md1940-10aFaulkner, Williamd1897-196210aGarca̕ Mr̀quez, Gabrield1927-201410aHemingway, Ernestd1898-196110aMann, Thomasd1875-195510aPamuk, Orhand1952-10aSaramago, Josd1922-201010aSteinbeck, John d1902-196810aSzymborska, Wislawad1923-10aVargas Llosa, Mariod1936-